معراج اورسائنس (Record no. 608093)

000 -LEADER
fixed length control field 00615nam a2200205 a 4500
003 - CONTROL NUMBER IDENTIFIER
control field OSt
005 - DATE AND TIME OF LATEST TRANSACTION
control field 20240223122615.0
008 - FIXED-LENGTH DATA ELEMENTS--GENERAL INFORMATION
fixed length control field 180307t2016 pk | |||| 000 0 urd d
020 ## - INTERNATIONAL STANDARD BOOK NUMBER
International Standard Book Number 9695032695
040 ## - CATALOGING SOURCE
Transcribing agency 0
082 ## - DEWEY DECIMAL CLASSIFICATION NUMBER
Classification number 297.63
Author Mark AGH 2016
100 1# - MAIN ENTRY--PERSONAL NAME
Personal name آغااشرف
9 (RLIN) 121243
245 10 - TITLE STATEMENT
Title معراج اورسائنس
Statement of responsibility, etc. Aagha Ashraf
246 ## - VARYING FORM OF TITLE
Title proper/short title Meraj Aur Science
260 ## - PUBLICATION, DISTRIBUTION, ETC.
Place of publication, distribution, etc. Lahore:
Name of publisher, distributor, etc. Alfaseed Pub;
Date of publication, distribution, etc. 2016.
300 ## - PHYSICAL DESCRIPTION
Extent 256 p.
650 ## - SUBJECT ADDED ENTRY--TOPICAL TERM
Topical term or geographic name entry element Seerat
Topical term following geographic name entry element Muhammad
9 (RLIN) 121244
942 ## - ADDED ENTRY ELEMENTS (KOHA)
Source of classification or shelving scheme
Koha item type Book
Institution code [OBSOLETE] SADA
Call number prefix 297.63 AGH 2016
Holdings
Withdrawn status Lost status Source of classification or shelving scheme Damaged status Not for loan Permanent Location Current Location Date acquired Source of acquisition Total Checkouts Full call number Barcode Date last seen Cost, replacement price Price effective from Koha item type
          School of Art Design and Architecture (SADA) School of Art Design and Architecture (SADA) 02/09/2018 Donation   297.63 AGH 2016 SADAD0000217 02/23/2024 210.00 02/23/2024 Book
© 2023 Central Library, National University of Sciences and Technology. All Rights Reserved.